| 000 | 00551nam a2200181 i 4500 | ||
|---|---|---|---|
| 001 | 65515 | ||
| 003 | ES-MaACL | ||
| 007 | t| | ||
| 008 | 040115s1914 fr ||||1| fre d | ||
| 100 | 1 |
_aFribourg, André. _952591 |
|
| 245 | 1 | 4 |
_aLes questions actuelles et le passé _b: (1913) / _cpar André Fribourg. |
| 260 |
_aParis : _bFélix Alcan, _c1914. |
||
| 300 |
_a308 p. ; _c19 cm. |
||
| 490 | 1 | _aBibliothèque d'histoire contemporaine | |
| 830 | 0 |
_aBibliothèque d'histoire contemporaine _9180875 |
|
| 852 |
_aES-MaACL _jG-7227 |
||
| 999 |
_c65515 _d65515 |
||